[Event "HUN-ch U8-U18 2019"]
[Site "Balatonlelle"]
[Date "2019.06.25"]
[Round "6.11"]
[White "Bakos, Balazs"]
[Black "Baski, Barnabas"]
[Result "1/2-1/2"]
[WhiteElo "2408"]
[BlackElo "2108"]
[Annotator "TA"]
[PlyCount "36"]
[EventDate "2019.06.21"]
[EventType "swiss"]
[EventCountry "HUN"]
[SourceTitle "playchess.com"]
[Source "ChessBase"]
[SourceQuality "1"]

{[%evp 10,36,21,21,22,15,25,9,23,12,22,13,14,12,19,0,0,0,0,0,0,-16,18,27,30,25,56,50,77]} 1. e4 e6 2. d4 d5 3. Nd2 c5 4. exd5 Qxd5 5. Ngf3 cxd4 6. Bc4 Qd7 {C07: French Tarrasch: 3...c5, 4 Ngf3 and 4 exd5 Qxd5} 7. Nb3 (7. O-O Nc6 8. Nb3 Nf6 9. Nbxd4 a6 10. a4 Nxd4 11. Nxd4 Qc7 12. Qe2 Bc5 13. Nf3 O-O 14. Bg5 b6 15. Bd3 Bb7 16. Bxf6 gxf6 17. Be4 Rfd8 18. Rad1 Kg7 19. g3 a5 20. Bxb7 Qxb7 {½-½ (41) Fedoseev,V (2718)-Ponomariov,R (2682) Hengshui 2019}) 7... Nc6 8. Nbxd4 Nxd4 {The position is equal.} 9. Nxd4 {[#] And now Bb5 would win.} a6 10. O-O Qc7 11. Bb3 $146 ({Predecessor:} 11. Qe2 Bd6 12. h3 Ne7 13. Be3 O-O {½-½ (37) Gadimbayli,A (2420)-Ozen,D (2408) Cesme 2018}) 11... Bd6 12. h3 Ne7 13. Be3 O-O 14. Qe2 Kh8 15. f4 Nc6 16. Nxc6 Qxc6 17. Rad1 a5 18. a4 b6 {Accuracy: White = 52%, Black = 50%.} 1/2-1/2

[Event "HUN-ch U8-U18 2019"]
[Site "Balatonlelle"]
[Date "2019.06.25"]
[Round "6.11"]
[White "Csidey, Csongor"]
[Black "Juhasz, Agoston"]
[Result "1-0"]
[WhiteElo "1708"]
[BlackElo "2161"]
[Annotator "ChessBase"]
[PlyCount "59"]
[EventDate "2019.06.21"]
[EventType "swiss"]
[EventCountry "HUN"]
[SourceTitle "playchess.com"]
[Source "ChessBase"]
[SourceQuality "1"]
[TimeControl "40/5400+30:1800+30"]

1. e4 {[%emt 0:00:02]} c6 {[%emt 0:00:06]} 2. Nc3 {[%emt 0:00:06]} d5 {[%emt 0:00:05]} 3. Nf3 {[%emt 0:00:03]} Bg4 {[%emt 0:01:42]} 4. h3 {[%emt 0:03:05]} Bxf3 {[%emt 0:00:15]} 5. Qxf3 {[%emt 0:00:07]} Nf6 {[%emt 0:00:10]} 6. d3 {[%emt 0:08:05]} e6 {[%emt 0:00:19]} 7. Bf4 {[%emt 0:04:12]} Qb6 {[%emt 0:01:46]} 8. O-O-O {[%emt 0:06:20]} d4 {[%emt 0:07:31]} 9. Ne2 {[%emt 0:04:16]} Nbd7 {[%emt 0:01:25]} 10. g4 {[%emt 0:01:08]} e5 {[%emt 0:02:31]} 11. Bd2 {[%emt 0:01:14]} Bb4 {[%emt 0:04:59]} 12. Bxb4 {[%emt 0:04:11]} Qxb4 {[%emt 0:00:08]} 13. g5 {[%emt 0:00:06]} Ng8 {[%emt 0:01:09]} 14. h4 {[%emt 0:01:56]} Ne7 {[%emt 0:05:54]} 15. Ng3 {[%emt 0:01:29]} a5 {[%emt 0:32:43]} 16. Bh3 {[%emt 0:03:27]} Nf8 {[%emt 0:03:45]} 17. Nh5 {[%emt 0:03:56]} Rg8 {[%emt 0:02:31]} 18. Qg3 {[%emt 0:05:07]} Qc5 {[%emt 0:05:30]} 19. Rhf1 {[%emt 0:02:58]} a4 {[%emt 0:01:20]} 20. f4 {[%emt 0:15:31]} a3 {[%emt 0:01:18]} 21. b3 {[%emt 0:00:03]} Qc3 {[%emt 0:19:06]} 22. fxe5 {[%emt 0:00:16]} Ra5 {[%emt 0:02:11]} 23. e6 {[%emt 0:04:10]} fxe6 {[%emt 0:02:07]} 24. Qb8+ {[%emt 0:15:41]} Kd7 {[%emt 0:00:02]} 25. Qxb7+ {[%emt 0:00:14]} Kd6 {[%emt 0:02:24]} 26. e5+ {[%emt 0:00:42]} Kd5 {[%emt 0:01:23]} 27. Bg2+ {[%emt 0:00:30]} Kc5 {[%emt 0:00:33]} 28. b4+ {[%emt 0:00:33]} Qxb4 {[%emt 0:00:17]} 29. Qxe7+ {[%emt 0:00:06]} Kb5 {[%emt 0:00:20]} 30. Bxc6+ {[%emt 0:00:13]} 1-0

[Event "HUN-ch U8-U18 2019"]
[Site "Balatonlelle"]
[Date "2019.06.25"]
[Round "6.12"]
[White "Kovacs, Laszlo Jr."]
[Black "Pervai, Laszlo"]
[Result "1/2-1/2"]
[WhiteElo "2101"]
[BlackElo "2033"]
[Annotator "ChessBase"]
[PlyCount "106"]
[EventDate "2019.06.21"]
[EventType "swiss"]
[EventCountry "HUN"]
[SourceTitle "playchess.com"]
[Source "ChessBase"]
[SourceQuality "1"]
[TimeControl "40/5400+30:1800+30"]

1. e4 {[%emt 0:00:02]} c5 {[%emt 0:08:20]} 2. Nf3 {[%emt 0:00:08]} Nc6 {[%emt 0:00:16]} 3. g3 {[%emt 0:00:03]} g6 {[%emt 0:00:40]} 4. Bg2 {[%emt 0:00:05]} Bg7 {[%emt 0:00:36]} 5. O-O {[%emt 0:00:07]} e5 {[%emt 0:00:32]} 6. d3 {[%emt 0:00:11]} d6 {[%emt 0:00:36]} 7. Nc3 {[%emt 0:00:06]} Nge7 {[%emt 0:00:27]} 8. Be3 {[%emt 0:00:21]} O-O {[%emt 0:00:46]} 9. Qd2 {[%emt 0:00:04]} f5 {[%emt 0:01:26]} 10. Bh6 {[%emt 0:15:35]} f4 {[%emt 0:01:27]} 11. Bxg7 {[%emt 0:01:17]} Kxg7 {[%emt 0:00:17]} 12. Ne2 {[%emt 0:00:20]} Bg4 {[%emt 0:02:32]} 13. gxf4 {[%emt 0:03:53]} Bxf3 {[%emt 0:01:50]} 14. Bxf3 {[%emt 0:01:34]} Nd4 {[%emt 0:00:11]} 15. Nxd4 {[%emt 0:00:07]} cxd4 {[%emt 0:00:05]} 16. f5 {[%emt 0:01:58]} gxf5 {[%emt 0:00:38]} 17. Kh1 {[%emt 0:07:53]} f4 {[%emt 0:00:39]} 18. Rg1+ {[%emt 0:00:14]} Ng6 {[%emt 0:01:44]} 19. Rg4 {[%emt 0:04:30]} Kh8 {[%emt 0:01:37]} 20. Rag1 {[%emt 0:00:53]} Rg8 {[%emt 0:01:11]} 21. Qd1 {[%emt 0:08:32]} Rc8 {[%emt 0:02:28]} 22. Qf1 {[%emt 0:11:55]} Qf6 {[%emt 0:16:33]} 23. Qh3 {[%emt 0:01:09]} Ne7 {[%emt 0:03:42]} 24. Rxg8+ {[%emt 0:00:07]} Rxg8 {[%emt 0:00:26]} 25. Rxg8+ {[%emt 0:00:03]} Kxg8 {[%emt 0:00:42]} 26. Bg4 {[%emt 0:01:30]} Ng6 {[%emt 0:01:39]} 27. Bf5 {[%emt 0:01:21]} Qh4 {[%emt 0:01:48]} 28. Qg2 {[%emt 0:01:31]} Qh5 {[%emt 0:02:55]} 29. Bxg6 {[%emt 0:04:25]} hxg6 {[%emt 0:03:51]} 30. f3 {[%emt 0:00:43]} Kf7 {[%emt 0:00:51]} 31. h3 {[%emt 0:02:29]} Qh4 {[%emt 0:00:19]} 32. Qg4 {[%emt 0:00:43]} Qe1+ {[%emt 0:01:39]} 33. Kh2 {[%emt 0:07:12]} Qd2+ {[%emt 0:00:43]} 34. Qg2 {[%emt 0:00:05]} Qc1 {[%emt 0:01:39]} 35. b3 {[%emt 0:00:27]} b5 {[%emt 0:00:19]} 36. a3 {[%emt 0:03:41]} a5 {[%emt 0:02:47]} 37. b4 {[%emt 0:00:52]} axb4 {[%emt 0:00:35]} 38. axb4 {[%emt 0:00:04]} Qb2 {[%emt 0:04:00]} 39. Qd2 {[%emt 0:00:16]} Qb1 {[%emt 0:04:35]} 40. Kg2 {[%emt 0:00:00]} Kg7 {[%emt 0:00:00]} 41. c3 {[%emt 0:02:47]} dxc3 {[%emt 0:00:49]} 42. Qxc3 {[%emt 0:00:48]} Qa2+ {[%emt 0:00:30]} 43. Kf1 {[%emt 0:01:25]} Kh6 {[%emt 0:01:16]} 44. Qc8 {[%emt 0:01:54]} Qb1+ {[%emt 0:00:57]} 45. Kf2 {[%emt 0:00:10]} Qb2+ {[%emt 0:00:42]} 46. Kf1 {[%emt 0:00:09]} Qa1+ {[%emt 0:00:06]} 47. Ke2 {[%emt 0:00:38]} Qa2+ {[%emt 0:05:38]} 48. Kf1 {[%emt 0:00:24]} Qh2 {[%emt 0:12:06]} 49. Qh8+ {[%emt 0:00:21]} Kg5 {[%emt 0:00:10]} 50. Qd8+ {[%emt 0:01:01]} Kh6 {[%emt 0:00:40]} 51. Qh8+ {[%emt 0:00:38]} Kg5 {[%emt 0:00:05]} 52. Qd8+ {[%emt 0:00:11]} Kh6 {[%emt 0:00:09]} 53. Qh8+ {[%emt 0:00:17]} Kg5 {[%emt 0:00:10]} 1/2-1/2

[Event "HUN-ch U8-U18 2019"]
[Site "Balatonlelle"]
[Date "2019.06.25"]
[Round "6.12"]
[White "Erseki, Aron"]
[Black "Kratzmajer, Akos Gyorgy"]
[Result "0-1"]
[WhiteElo "1854"]
[BlackElo "2048"]
[Annotator "NA"]
[PlyCount "154"]
[EventDate "2019.06.21"]
[EventType "swiss"]
[EventCountry "HUN"]
[SourceTitle "playchess.com"]
[Source "ChessBase"]
[SourceQuality "1"]
[TimeControl "40/5400+30:1800+30"]

1. e4 {[%emt 0:02:19]} c5 {[%emt 0:00:06]} 2. Nf3 {[%emt 0:00:17]} Nc6 {[%emt 0:00:02]} 3. d4 {[%emt 0:00:29]} cxd4 {[%emt 0:00:04]} 4. Nxd4 {[%emt 0:00:09]} Nf6 {[%emt 0:00:03]} 5. Nc3 {[%emt 0:00:09]} e5 {[%emt 0:00:04]} 6. Ndb5 {[%emt 0:00:38]} d6 {[%emt 0:00:05]} 7. Nd5 {[%emt 0:01:16]} Nxd5 {[%emt 0:00:11]} 8. exd5 {[%emt 0:00:08]} Nb8 {[%emt 0:00:03]} 9. c3 {[%emt 0:02:20]} g6 {[%emt 0:01:42] B33: Sicilian: Pelikan and Sveshnikov Variations} (9... Be7 10. a4 O-O 11. Be2 Nd7 12. O-O b6 13. a5 bxa5 14. Be3 Nb6 15. b4 Bb7 16. c4 a6 17. bxa5 Nxc4 18. Bxc4 axb5 {0-1 (35) Gubajdullin,A (2455)-Gladyszev,O (2447) Elets 2009}) 10. Bd3 $146 {[%emt 0:05:47]} ({Predecessor:} 10. Qa4 Bd7 11. Qb4 Bxb5 12. Bxb5+ Nd7 13. Bg5 Be7 14. Bh6 a6 15. Ba4 b5 16. Bc2 Nc5 17. O-O {½-½ (63) Neumann,T (1743)-Schiermeyer,L (1881) Verden 2016}) 10... a6 {[%emt 0:01:30]} 11. Na3 {[%emt 0:00:44]} Bg7 {[%emt 0:00:53]} 12. Nc2 {[%emt 0:01:49]} Nd7 {[%emt 0:01:38]} 13. Be3 {[%emt 0:00:44]} O-O {[%emt 0:00:46]} 14. O-O {[%emt 0:00:30]} f5 {[%emt 0:00:10]} 15. f4 {[%emt 0:00:28]} Nf6 {[%emt 0:15:48]} 16. Be2 {[%emt 0:05:29]} Ne4 {[%emt 0:08:32]} 17. Bf3 {[%emt 0:01:33]} exf4 {[%emt 0:03:11]} 18. Bd4 {[%emt 0:15:45]} Re8 {[%emt 0:14:27]} 19. Bxg7 {[%emt 0:07:05]} Kxg7 {[%emt 0:03:21]} 20. Qd4+ {[%emt 0:29:14]} Qf6 {[%emt 0:00:30]} 21. Qb6 g5 22. Rae1 {[%emt 0:01:00]} Qe5 {[%emt 0:23:00]} 23. c4 {[%emt 0:06:54]} g4 {[%emt 0:02:15]} 24. Bd1 {[%emt 0:01:00]} Rg8 {[%emt 0:02:51]} 25. Kh1 {[%emt 0:04:01]} Kh6 {[%emt 0:12:11]} 26. b3 {[%emt 0:04:00]} Rg5 {[%emt 0:04:05]} 27. Qd4 {[%emt 0:00:47]} Rh5 {[%emt 0:02:18]} 28. Bxg4 {[%emt 0:00:45]} Rh4 {[%emt 0:02:34]} 29. Bh3 {[%emt 0:04:29]} Bd7 {[%emt 0:00:59]} 30. Qxe5 {[%emt 0:01:14]} dxe5 {[%emt 0:00:01]} 31. Nb4 {[%emt 0:00:24]} Re8 {[%emt 0:00:50]} 32. Rxe4 {[%emt 0:01:14]} Rxh3 {[%emt 0:00:23]} 33. Rxe5 {[%emt 0:00:34]} Rxe5 {[%emt 0:01:01]} 34. gxh3 {[%emt 0:00:07]} a5 {[%emt 0:00:28]} 35. Nd3 {[%emt 0:00:09]} Re2 {[%emt 0:00:05]} 36. Nxf4 {[%emt 0:01:29]} Rxa2 {[%emt 0:00:22]} 37. Re1 {[%emt 0:00:12]} a4 {[%emt 0:01:02]} 38. bxa4 {[%emt 0:01:31]} Rxa4 {[%emt 0:00:11]} 39. Rc1 {[%emt 0:00:51]} b5 {[%emt 0:00:19]} 40. Kg2 {[%emt 0:00:00]} Rxc4 {[%emt 0:00:00]} 41. Rxc4 {[%emt 0:03:27]} bxc4 {[%emt 0:00:37]} 42. Ne2 {[%emt 0:00:29]} Kg5 {[%emt 0:11:10]} 43. Kg3 {[%emt 0:01:15]} Kf6 {[%emt 0:00:23]} 44. Kf4 {[%emt 0:00:08]} Ba4 {[%emt 0:02:03]} 45. Nc3 {[%emt 0:00:24]} Bc2 {[%emt 0:00:33]} 46. Nb5 {[%emt 0:00:53]} Be4 {[%emt 0:01:03]} 47. Nc3 {[%emt 0:03:20]} Bh1 {[%emt 0:03:48]} 48. h4 {[%emt 0:00:50]} h5 {[%emt 0:00:35]} 49. h3 {[%emt 0:00:17]} Bg2 {[%emt 0:00:29]} 50. Kg3 {[%emt 0:00:12]} Be4 {[%emt 0:01:10]} 51. Kf4 {[%emt 0:00:09]} Bh1 {[%emt 0:00:28]} 52. d6 {[%emt 0:01:20]} Ke6 {[%emt 0:06:09]} 53. d7 {[%emt 0:01:14]} Kxd7 {[%emt 0:00:02]} 54. Kxf5 {[%emt 0:00:10]} Kd6 {[%emt 0:01:18]} 55. Kf4 {[%emt 0:00:31]} Bg2 {[%emt 0:02:46]} 56. Nd1 {[%emt 0:05:58]} Bxh3 {[%emt 0:02:13]} 57. Nc3 {[%emt 0:00:51]} Bd7 {[%emt 0:01:30]} 58. Nd1 {[%emt 0:00:47]} Kc5 {[%emt 0:00:48]} 59. Ke3 {[%emt 0:00:06]} Kd5 {[%emt 0:00:14]} 60. Nc3+ {[%emt 0:06:39]} Ke5 {[%emt 0:00:11]} 61. Ne2 {[%emt 0:01:29]} Kf5 {[%emt 0:01:37]} 62. Kf3 {[%emt 0:04:02] [#]} Bc6+ $1 {[%emt 0:00:15]} 63. Ke3 {[%emt 0:00:07]} Kg4 {[%emt 0:01:04]} 64. Kd4 {[%emt 0:00:06]} Bb5 {[%emt 0:00:32]} (64... Bf3 $142 65. Nc3 Kxh4) 65. Kc5 {[%emt 0:00:17]} Ba6 {[%emt 0:00:14]} 66. Kb6 {[%emt 0:00:12]} Bc8 {[%emt 0:00:32]} 67. Kc5 {[%emt 0:00:33]} Be6 {[%emt 0:00:11]} 68. Kd6 {[%emt 0:00:17]} Bg8 {[%emt 0:00:19]} 69. Ke5 {[%emt 0:00:18]} Kxh4 {[%emt 0:00:14]} 70. Kf4 {[%emt 0:00:07]} Kh3 {[%emt 0:01:30]} 71. Kf3 {[%emt 0:00:46]} Bd5+ {[%emt 0:00:49]} 72. Kf2 {[%emt 0:00:12]} Kg4 {[%emt 0:00:08]} 73. Nc3 {[%emt 0:00:12]} Bc6 {[%emt 0:00:23]} 74. Ke3 {[%emt 0:00:24]} h4 {[%emt 0:00:33]} 75. Nd1 {[%emt 0:00:22]} h3 {[%emt 0:00:30]} 76. Kd4 {[%emt 0:00:25]} h2 {[%emt 0:00:18]} 77. Kxc4 {[%emt 0:00:11]} Kg3 {[%emt 0:00:06]} 0-1

[Event "HUN-ch U8-U18 2019"]
[Site "Balatonlelle"]
[Date "2019.06.25"]
[Round "6.13"]
[White "Papp, Levente"]
[Black "Kokeny, Norbert Adrian"]
[Result "0-1"]
[WhiteElo "2350"]
[BlackElo "2268"]
[Annotator "ChessBase"]
[PlyCount "142"]
[EventDate "2019.06.21"]
[EventType "swiss"]
[EventCountry "HUN"]
[SourceTitle "playchess.com"]
[Source "ChessBase"]
[SourceQuality "1"]
[TimeControl "40/5400+30:1800+30"]

1. d4 {[%emt 0:00:36]} Nf6 {[%emt 0:00:07]} 2. Bg5 {[%emt 0:00:44]} d5 {[%emt 0:00:05]} 3. Nd2 {[%emt 0:00:10]} Bf5 {[%emt 0:03:21]} 4. e3 {[%emt 0:01:06]} e6 {[%emt 0:00:37]} 5. Bd3 {[%emt 0:00:10]} Bg6 {[%emt 0:00:30]} 6. Ngf3 {[%emt 0:04:29]} Nbd7 {[%emt 0:04:27]} 7. Ne5 {[%emt 0:03:47]} Bxd3 {[%emt 0:00:21]} 8. cxd3 {[%emt 0:00:44]} c6 {[%emt 0:01:50]} 9. a3 {[%emt 0:16:09]} Be7 {[%emt 0:04:15]} 10. O-O {[%emt 0:01:41]} h6 {[%emt 0:00:40]} 11. Bxf6 {[%emt 0:01:35]} Bxf6 {[%emt 0:07:09]} 12. f4 {[%emt 0:07:54]} Bxe5 {[%emt 0:05:33]} 13. fxe5 {[%emt 0:09:11]} Qg5 {[%emt 0:05:56]} 14. Rf3 {[%emt 0:00:31]} Qe7 {[%emt 0:01:35]} 15. Rg3 {[%emt 0:07:32]} Rg8 {[%emt 0:01:16]} 16. b4 {[%emt 0:02:33]} O-O-O {[%emt 0:01:41]} 17. b5 {[%emt 0:02:54]} cxb5 {[%emt 0:02:10]} 18. a4 {[%emt 0:00:06]} b4 {[%emt 0:00:41]} 19. a5 {[%emt 0:00:05]} Kb8 {[%emt 0:00:31]} 20. Qa4 {[%emt 0:04:21]} Rc8 {[%emt 0:02:03]} 21. Rb1 {[%emt 0:02:07]} Ka8 {[%emt 0:04:32]} 22. Rxb4 {[%emt 0:05:27]} Rc1+ {[%emt 0:01:14]} 23. Kf2 {[%emt 0:00:06]} Rgc8 {[%emt 0:00:47]} 24. Rxg7 {[%emt 0:05:00]} Qh4+ {[%emt 0:02:34]} 25. Rg3 {[%emt 0:00:55]} R8c2 {[%emt 0:03:17]} 26. Ke2 {[%emt 0:02:47]} Qd8 {[%emt 0:05:19]} 27. Qb5 {[%emt 0:01:07]} Qc7 {[%emt 0:01:00]} 28. Rb2 {[%emt 0:03:10]} Nb8 {[%emt 0:01:00]} 29. Rxc2 {[%emt 0:01:54]} Qxc2 {[%emt 0:00:26]} 30. Qb3 {[%emt 0:00:06]} Qc7 {[%emt 0:01:38]} 31. Rf3 {[%emt 0:00:39]} Ra1 {[%emt 0:01:26]} 32. Rf1 {[%emt 0:03:18]} Rxf1 {[%emt 0:01:50]} 33. Nxf1 {[%emt 0:00:41]} Qxa5 {[%emt 0:00:04]} 34. Qc2 {[%emt 0:06:32]} Nc6 {[%emt 0:00:17]} 35. Nd2 {[%emt 0:00:04]} Qc7 {[%emt 0:02:04]} 36. Nb3 {[%emt 0:00:06]} b6 {[%emt 0:00:04]} 37. e4 {[%emt 0:05:26]} a5 {[%emt 0:02:16]} 38. Ke3 {[%emt 0:00:48]} Kb7 {[%emt 0:01:24]} 39. exd5 {[%emt 0:02:03]} exd5 {[%emt 0:00:07]} 40. Qb2 {[%emt 0:00:00]} Nb4 {[%emt 0:00:00]} 41. Kd2 {[%emt 0:01:26]} Qe7 {[%emt 0:00:39]} 42. Kc3 {[%emt 0:03:12]} Qc7+ {[%emt 0:01:11]} 43. Kd2 {[%emt 0:00:01]} Qd8 {[%emt 0:00:06]} 44. Kd1 {[%emt 0:02:46]} Qh4 {[%emt 0:02:10]} 45. Qe2 {[%emt 0:04:10]} Qf4 {[%emt 0:00:41]} 46. g3 {[%emt 0:01:06]} Qf5 {[%emt 0:00:07]} 47. Kd2 {[%emt 0:00:04]} Qc8 {[%emt 0:01:54]} 48. Na1 {[%emt 0:09:46]} Na2 {[%emt 0:01:12]} 49. Nc2 {[%emt 0:01:35]} Qc3+ {[%emt 0:02:42]} 50. Ke3 {[%emt 0:00:39]} Ka6 {[%emt 0:02:19]} 51. Ne1 {[%emt 0:03:18]} Nb4 {[%emt 0:00:48]} 52. Qd2 {[%emt 0:01:09]} Qb3 {[%emt 0:01:11]} 53. Qc1 {[%emt 0:04:19]} a4 {[%emt 0:04:38]} 54. Qc8+ {[%emt 0:01:25]} Kb5 {[%emt 0:00:15]} 55. Qd7+ {[%emt 0:00:11]} Nc6 {[%emt 0:00:22]} 56. Kd2 {[%emt 0:00:20]} Qb4+ {[%emt 0:00:35]} 57. Kc2 {[%emt 0:00:24]} Qxd4 {[%emt 0:00:32]} 58. Nf3 {[%emt 0:00:27]} Qc5+ {[%emt 0:00:15]} 59. Kb1 {[%emt 0:00:33]} a3 {[%emt 0:01:17]} 60. Nd2 {[%emt 0:00:38]} Qd4 {[%emt 0:01:38]} 61. Kc2 {[%emt 0:00:27]} Qxe5 {[%emt 0:02:57]} 62. g4 {[%emt 0:01:57]} Qd4 {[%emt 0:03:01]} 63. h4 {[%emt 0:00:15]} Qc5+ {[%emt 0:01:56]} 64. Kb3 {[%emt 0:00:59]} f6 {[%emt 0:01:04]} 65. h5 {[%emt 0:00:49]} Qb4+ {[%emt 0:00:30]} 66. Kc2 {[%emt 0:00:05]} Qd4 {[%emt 0:00:13]} 67. Qe6 {[%emt 0:02:21]} a2 {[%emt 0:00:30]} 68. Nb3 {[%emt 0:00:29]} Nb4+ {[%emt 0:00:30]} 69. Kd2 {[%emt 0:00:11]} Qxd3+ {[%emt 0:00:06]} 70. Ke1 {[%emt 0:00:04]} Qxb3 {[%emt 0:00:22]} 71. Qe8+ {[%emt 0:00:08]} Ka5 {[%emt 0:00:11]} 0-1

[Event "HUN-ch U8-U18 2019"]
[Site "Balatonlelle"]
[Date "2019.06.25"]
[Round "6.13"]
[White "Onodi, Tamas"]
[Black "Farkas, Otto Jr."]
[Result "0-1"]
[WhiteElo "1684"]
[BlackElo "1859"]
[Annotator "NA"]
[PlyCount "96"]
[EventDate "2019.06.21"]
[EventType "swiss"]
[EventCountry "HUN"]
[SourceTitle "playchess.com"]
[Source "ChessBase"]
[SourceQuality "1"]
[TimeControl "40/5400+30:1800+30"]

1. d4 {[%emt 0:00:15]} d5 {[%emt 0:00:03]} 2. Bf4 {[%emt 0:00:30]} Nf6 {[%emt 0:00:13]} 3. e3 {[%emt 0:00:01]} c5 {[%emt 0:00:09]} 4. Nf3 {[%emt 0:00:06]} Nc6 {[%emt 0:00:08]} 5. c3 {[%emt 0:00:38]} Qb6 {[%emt 0:01:04]} 6. Qc2 {[%emt 0:00:05]} g6 {[%emt 0:00:09]} 7. Nbd2 {[%emt 0:00:04]} Bf5 {[%emt 0:00:15]} 8. dxc5 {[%emt 0:00:07]} Qxc5 {[%emt 0:00:05]} 9. Qb3 {[%emt 0:00:19]} Na5 {[%emt 0:00:14]} 10. Qb5+ {[%emt 0:00:02]} Qxb5 {[%emt 0:00:07]} 11. Bxb5+ {[%emt 0:00:03]} Bd7 {[%emt 0:00:06]} 12. Be2 {[%emt 0:00:42]} Bg7 {[%emt 0:00:53]} 13. O-O {[%emt 0:00:40]} O-O {[%emt 0:00:30]} 14. Ne5 {[%emt 0:03:02]} Nc6 {[%emt 0:08:12]} 15. Nb3 {[%emt 0:05:05]} Nxe5 {[%emt 0:03:00]} 16. Bxe5 {[%emt 0:00:29]} Rac8 {[%emt 0:01:34]} 17. Rfd1 {[%emt 0:00:47]} Bc6 {[%emt 0:04:54]} 18. Rac1 {[%emt 0:02:13]} Rfd8 {[%emt 0:02:24]} 19. h3 {[%emt 0:00:33]} Ne4 {[%emt 0:02:09]} 20. Bxg7 {[%emt 0:01:25]} Kxg7 {[%emt 0:00:46]} 21. Bd3 {[%emt 0:02:38]} Nd6 {[%emt 0:02:52]} 22. Nd4 {[%emt 0:06:31]} e5 {[%emt 0:03:10]} 23. Nxc6 {[%emt 0:00:41]} Rxc6 24. e4 {[%emt 0:01:35]} dxe4 {[%emt 0:07:58]} 25. Bxe4 {[%emt 0:00:35]} Rcc8 {[%emt 0:00:21]} 26. Bd3 {[%emt 0:01:42]} f5 {[%emt 0:02:41]} 27. Be2 {[%emt 0:00:27]} Ne4 {[%emt 0:05:29]} 28. f3 {[%emt 0:04:55]} Ng3 {[%emt 0:07:14]} 29. Kf2 {[%emt 0:01:13]} f4 {[%emt 0:03:17]} 30. Bb5 {[%emt 0:02:55]} Kf6 {[%emt 0:00:49]} 31. Bd7 {[%emt 0:02:14]} Rc5 {[%emt 0:15:16]} 32. Rd2 {[%emt 0:04:12]} Nf5 {[%emt 0:01:53]} 33. Rcd1 {[%emt 0:08:40]} Ne3 34. Rd6+ {[%emt 0:01:15]} Kg5 {[%emt 0:02:51]} 35. R1d3 {[%emt 0:00:30]} Nc4 {[%emt 0:00:30]} 36. Re6 {[%emt 0:00:30]} Nxb2 {[%emt 0:00:30]} 37. Rd2 {[%emt 0:00:30]} Nc4 {[%emt 0:00:30]} 38. Rd3 {[%emt 0:00:30]} Rc7 {[%emt 0:00:30]} 39. Re7 {[%emt 0:00:30]} Nb6 {[%emt 0:00:30]} 40. Bb5 {[%emt 0:00:30]} Rxd3 {[%emt 0:00:30]} 41. Rxc7 {[%emt 0:30:30]} Rd2+ {[%emt 0:09:35]} 42. Kg1 {[%emt 0:00:00]} Nd5 {[%emt 0:04:27]} 43. Rxh7 {[%emt 0:00:00]} Ne3 44. Ba4 Nxg2 {[%emt 0:02:19]} 45. Bb3 {[%emt 0:00:00]} Nh4 {[%emt 0:01:57]} 46. Rxb7 {[%emt 0:00:00]} Nxf3+ {[%emt 0:00:17]} 47. Kf1 {[%emt 0:00:00]} Kh4 {[%emt 0:02:41]} 48. Rg7 {[%emt 0:00:00]} g5 {[%emt 0:00:29]} 0-1

[Event "HUN-ch U8-U18 2019"]
[Site "Balatonlelle"]
[Date "2019.06.25"]
[Round "6.14"]
[White "Kaloczi, Kristof"]
[Black "Vanczak, Tamas"]
[Result "0-1"]
[WhiteElo "2098"]
[BlackElo "2311"]
[Annotator "ChessBase"]
[PlyCount "84"]
[EventDate "2019.06.21"]
[EventType "swiss"]
[EventCountry "HUN"]
[SourceTitle "playchess.com"]
[Source "ChessBase"]
[SourceQuality "1"]
[TimeControl "40/5400+30:1800+30"]

1. e4 {[%emt 0:00:01]} d6 {[%emt 0:00:51]} 2. g3 {[%emt 0:04:27]} c5 {[%emt 0:01:44]} 3. Bg2 {[%emt 0:00:51]} Nc6 {[%emt 0:00:30]} 4. d3 {[%emt 0:01:39]} g6 {[%emt 0:01:09]} 5. Ne2 {[%emt 0:02:34]} Bg7 {[%emt 0:01:23]} 6. O-O {[%emt 0:02:58]} e6 {[%emt 0:02:45]} 7. c3 {[%emt 0:02:49]} Nge7 {[%emt 0:01:01]} 8. f4 {[%emt 0:05:35]} O-O {[%emt 0:00:29]} 9. h3 {[%emt 0:02:50]} b6 {[%emt 0:01:53]} 10. Nd2 {[%emt 0:03:35]} Ba6 {[%emt 0:03:49]} 11. Nf3 {[%emt 0:02:26]} Qd7 {[%emt 0:03:13]} 12. Be3 {[%emt 0:07:05]} Rad8 {[%emt 0:04:15]} 13. Bf2 {[%emt 0:07:01]} f5 {[%emt 0:08:17]} 14. Qc2 {[%emt 0:07:05]} fxe4 {[%emt 0:04:26]} 15. dxe4 {[%emt 0:00:08]} d5 {[%emt 0:00:29]} 16. Rfd1 {[%emt 0:07:36]} Qc8 {[%emt 0:03:17]} 17. Ne1 {[%emt 0:05:04]} d4 {[%emt 0:11:18]} 18. cxd4 {[%emt 0:05:08]} Bxe2 {[%emt 0:00:15]} 19. Qxe2 {[%emt 0:00:06]} Nxd4 {[%emt 0:02:15]} 20. Bxd4 {[%emt 0:01:36]} Bxd4+ {[%emt 0:00:09]} 21. Kh2 {[%emt 0:01:28]} e5 {[%emt 0:01:36]} 22. fxe5 {[%emt 0:12:13]} Qe6 {[%emt 0:07:16]} 23. Nf3 {[%emt 0:00:59]} Bxe5 {[%emt 0:01:23]} 24. Ng5 {[%emt 0:03:19]} Bxg3+ {[%emt 0:04:33]} 25. Kh1 {[%emt 0:01:06]} Rxd1+ {[%emt 0:00:40]} 26. Rxd1 {[%emt 0:00:10]} Qf6 {[%emt 0:09:21]} 27. Qc4+ {[%emt 0:02:06]} Kh8 {[%emt 0:00:23]} 28. Rf1 {[%emt 0:03:32]} Bf2 {[%emt 0:01:51]} 29. Ne6 {[%emt 0:04:16]} b5 {[%emt 0:02:16]} 30. Qe2 {[%emt 0:00:06]} Qxe6 {[%emt 0:00:18]} 31. Rxf2 {[%emt 0:00:04]} Rxf2 {[%emt 0:01:26]} 32. Qxf2 {[%emt 0:00:02]} Qe5 {[%emt 0:00:29]} 33. Qf7 {[%emt 0:02:02]} c4 {[%emt 0:03:22]} 34. a4 {[%emt 0:00:55]} a6 {[%emt 0:01:53]} 35. a5 {[%emt 0:02:13]} Ng8 {[%emt 0:02:27]} 36. Qd5 {[%emt 0:00:48]} Qxb2 {[%emt 0:00:59]} 37. e5 {[%emt 0:00:32]} c3 {[%emt 0:01:19]} 38. Qd4 {[%emt 0:00:54]} Qd2 {[%emt 0:00:14]} 39. Qxd2 {[%emt 0:00:50]} cxd2 {[%emt 0:00:06]} 40. Bf3 {[%emt 0:00:00]} Ne7 {[%emt 0:00:00]} 41. Kg2 {[%emt 0:01:29]} Kg7 {[%emt 0:00:49]} 42. Kf2 {[%emt 0:00:18]} Nc6 {[%emt 0:00:09]} 0-1